Les 7 vertus en images - Statistiques

Statistiques générales
  • Ce quiz a été pris 6 fois
  • Le résultat moyen est 5 sur 7
Statistiques - réponses
Par images Réponse % Correct
Foi
100%
Force
100%
Justice
100%
Charité
67%
Prudence
50%
Espérance
33%
Tempérance
33%
Aucun quiz correspondant
Distribution des résultats
% des personnes avec chaque résultat
Percentile par nombre de réponses
Votre historique - résultats
Vous n’avez pas pris ce quiz